Типы DDoS-атак, методы профилактики и защиты от них; Информационные технологии в науке, управлении, социальной сфере и медицине; Ч. 1

מידע ביבליוגרפי
Parent link:Информационные технологии в науке, управлении, социальной сфере и медицине: сборник научных трудов III Международной научной конференции, 23-26 мая 2016 г., Томск.— , 2016
Ч. 1.— 2016.— [С. 76-78]
מחבר ראשי: Фролов С. Г.
מחבר תאגידי: Национальный исследовательский Томский политехнический университет (ТПУ) Институт кибернетики (ИК) Кафедра информатики и проектирования систем (ИПС)
מחברים אחרים: Дёмин А. Ю. Антон Юрьевич
סיכום:Заглавие с титульного экрана
DDoS is the most popular type of attack on the company for disabling its service. This article presents classification of the most popular types of DDoS and methods of defending and preventing from it.
שפה:רוסית
יצא לאור: 2016
סדרה:Моделирование в научных исследованиях
נושאים:
גישה מקוונת:http://earchive.tpu.ru/handle/11683/31404
פורמט: אלקטרוני Book Chapter
KOHA link:https://koha.lib.tpu.ru/cgi-bin/koha/opac-detail.pl?biblionumber=619311

MARC

LEADER 00000naa2a2200000 4500
001 619311
005 20231220164859.0
035 |a (RuTPU)RU\TPU\conf\17728 
035 |a RU\TPU\conf\17726 
090 |a 619311 
100 |a 20160817d2016 k y0rusy50 ca 
101 0 |a rus 
102 |a RU 
105 |a y z 101zy 
135 |a drgn ---uucaa 
181 0 |a i  
182 0 |a b 
200 1 |a Типы DDoS-атак, методы профилактики и защиты от них  |d Types of DDoS-attacks, methods of preventing and defending against it  |f С. Г. Фролов, А. Ю. Дёмин 
203 |a Текст  |c электронный 
225 1 |a Моделирование в научных исследованиях 
300 |a Заглавие с титульного экрана 
320 |a [Библиогр.: с. 78 (2 назв.)] 
330 |a DDoS is the most popular type of attack on the company for disabling its service. This article presents classification of the most popular types of DDoS and methods of defending and preventing from it. 
461 1 |0 (RuTPU)RU\TPU\conf\17281  |t Информационные технологии в науке, управлении, социальной сфере и медицине  |o сборник научных трудов III Международной научной конференции, 23-26 мая 2016 г., Томск  |o в 2 ч.  |d 2016 
463 1 |0 (RuTPU)RU\TPU\conf\17283  |t Ч. 1  |f Национальный исследовательский Томский политехнический университет (ТПУ) ; ред. кол. О. Г. Берестнева ; О. М. Гергет ; Т. А. Гладкова  |v [С. 76-78]  |d 2016 
510 1 |a Types of DDoS-attacks, methods of preventing and defending against it  |z eng 
610 1 |a труды учёных ТПУ 
610 1 |a электронные ресурсы 
610 1 |a DOS 
610 1 |a DDOS-атаки 
610 1 |a трафик 
610 1 |a маршрутизаторы 
700 1 |a Фролов  |b С. Г. 
701 1 |a Дёмин  |b А. Ю.  |c специалист в области информатики и вычислительной техники  |c доцент Томского политехнического университета, кандидат технических наук  |f 1973-  |g Антон Юрьевич  |3 (RuTPU)RU\TPU\pers\25389  |9 11332 
712 0 2 |a Национальный исследовательский Томский политехнический университет (ТПУ)  |b Институт кибернетики (ИК)  |b Кафедра информатики и проектирования систем (ИПС)  |3 (RuTPU)RU\TPU\col\18697 
801 2 |a RU  |b 63413507  |c 20160912  |g RCR 
856 4 |u http://earchive.tpu.ru/handle/11683/31404 
942 |c BK